000 01464nam a2200445.c 4500
001 53792
003 ES-MaCES
005 20250716134658.0
008 250716s2024 sp ||||| |||||||||||spa|d
017 _bDL B 17974-2024
020 _a9788423366415
040 _aES-MaCES
_bspa
_cES-MaCES
100 1 _941415
_aAntonio, Turiel
245 1 3 _aEl futuro de Europa
_b: cómo decrecer para una reindustrialización urgente
_cAntonio Turiel
260 _aBarcelona
_bDestino
_c[2024]
300 _a190 p.
_c23 cm
490 1 _aColección Imago mundi
_v375
504 _aBibliografía: p. 187-190
541 _cCompra
650 4 _930961
_acambio climático
650 4 _930722
_adegradación del medio ambiente
650 4 _927102
_acrisis económica
650 4 _928720
_arecursos energéticos
650 4 _927244
_aproblema político
650 4 _927044
_aproblema social
650 4 _927630
_aindustrialización
650 4 _927631
_apolítica de industrialización
650 4 _927623
_adesarrollo industrial
650 4 _929234
_adesarrollo económico y social
650 4 _930785
_adesarrollo sostenible
650 4 _928755
_aconservación de los recursos
650 4 _929849
_aeconomía del bienestar
650 4 _929791
_areforma económica
650 4 _926940
_aEuropa
650 4 _928901
_afuturo
653 1 0 _aIndustria-Energía
830 0 _940181
_aColección Imago mundi
_v375
902 _aLIB Libro
942 _2CES
_cBK
_h5.2.
999 _c53792
_d53792